[Event "117th YMCA Winter-B"]
[Site "Warszawa"]
[Date "2013.03.13"]
[Round "10"]
[White "Bernacki, Gabriel"]
[Black "Szwaj, Jacek"]
[Result "1/2-1/2"]
[WhiteElo "1896"]
[BlackElo "1915"]
[Annotator "Admin"]
[PlyCount "173"]
[EventDate "2013.01.09"]
[EventType "tourn"]
[EventRounds "1"]
[EventCountry "POL"]
[SourceDate "2013.01.07"]

1. d4 Nf6 2. c4 e6 3. Nc3 Bb4 4. e3 b6 5. Nf3 Bb7 6. Bd3 Ne4 7. Qc2 Bxc3+ 8.
bxc3 f5 9. O-O O-O 10. Nd2 Nf6 11. f3 d6 12. Rb1 Nbd7 13. Ba3 c5 14. Nb3 Qe7
15. Rfe1 Rf7 16. Rbd1 g6 17. Bc1 e5 18. a4 e4 19. Be2 exf3 20. gxf3 Re8 21. a5
Ne4 22. f4 Qh4 23. Bf3 Ndf6 24. axb6 axb6 25. Re2 Ba6 26. Nd2 Nxd2 27. Bxd2
Bxc4 28. Rg2 Ne4 29. Be1 Qh3 30. Bg3 Ra7 31. Be2 Bxe2 32. Qxe2 Rea8 33. dxc5
bxc5 34. Qb2 Ra3 35. Rc1 Qh5 36. Be1 Qf3 37. Qe2 Qxe2 38. Rxe2 Ra2 39. Rcc2
Rxc2 40. Rxc2 Ra1 41. Kf1 Kf7 42. Ke2 Ke6 43. c4 d5 44. cxd5+ Kxd5 45. Rb2 Ra3
46. h4 c4 47. Rb5+ Kc6 48. Rb4 Ra2+ 49. Kd1 Kc5 50. Rb7 h5 51. Rc7+ Kb5 52.
Rb7+ $11 Kc6 53. Rb8 Ra6 54. Rc8+ Kb5 55. Rb8+ Rb6 56. Ra8 Kc5 57. Rc8+ Kd5 58.
Rd8+ Nd6 59. Ba5 Rc6 60. Bb4 Ke6 61. Kc2 Nb5 62. Re8+ Kd7 63. Re7+ Kc8 64. Re5
Nc7 65. Kc3 Kd7 66. Rc5 Rxc5 67. Bxc5 Ke6 68. Kxc4 Ne8 69. Bb4 Nf6 70. Ba5 Ng4
71. Kd4 Nh2 72. Bd8 Kd6 73. Bf6 Nf3+ 74. Kd3 Kd5 75. Bd8 Nh2 76. Ba5 Ng4 77.
Be1 Nf6 78. Bc3 Ne4 79. Bb4 Nf6 80. Bc3 Nd7 81. Bd4 Nb8 82. Bb2 Na6 83. Ba3 Nc7
84. Bb2 Nb5 85. Be5 Na3 86. Bb2 Nc4 87. Bc3 1/2-1/2

[Event "117th YMCA Winter-B"]
[Site "Warszawa"]
[Date "2013.03.13"]
[Round "10"]
[White "Zurkowski, Andrzej"]
[Black "Rozowski, Marcin"]
[Result "1-0"]
[WhiteElo "2005"]
[BlackElo "1905"]
[PlyCount "121"]
[EventDate "2013.01.09"]
[EventType "tourn"]
[EventRounds "1"]
[EventCountry "POL"]
[SourceDate "2013.01.07"]

1. d4 d5 2. Nf3 Nf6 3. Nbd2 e6 4. e3 c5 5. b3 Nc6 6. Bb2 Bd6 7. Bd3 O-O 8. Ne5
Qc7 9. f4 b6 10. O-O Bb7 11. a3 a6 12. Rc1 Qe7 13. a4 Nb4 14. Be2 cxd4 15. exd4
Rac8 16. c4 Rfd8 17. Qe1 Nc6 18. Bf3 Ba3 19. Bxa3 Qxa3 20. Qe3 Qd6 21. c5 bxc5
22. dxc5 Qc7 23. Nd3 a5 24. Rfe1 Ba6 25. Ne5 Rb8 26. g4 Rb4 27. g5 d4 28. Qf2
Nd5 29. Nxc6 Qxc6 30. Be4 Qc7 31. f5 Nf4 32. Qf3 d3 33. fxe6 fxe6 34. Rf1 Rxe4
35. Qxe4 Ne2+ 36. Kh1 e5 37. Rc4 Bxc4 38. Qxc4+ Kh8 39. Ne4 Nf4 40. Kg1 d2 41.
Nd6 Rf8 42. Rd1 Nh3+ 43. Kg2 Qc6+ 44. Qe4 Nf4+ 45. Kg3 Qd7 46. Kf2 Qh3 47. Nf7+
Kg8 48. Nxe5 Qxh2+ 49. Ke3 Qg3+ 50. Nf3 Ng2+ 51. Ke2 Nf4+ 52. Kxd2 Rd8+ 53. Kc3
Rf8 54. c6 Ne2+ 55. Qxe2 Rxf3+ 56. Rd3 Rxd3+ 57. Qxd3 Qe5+ 58. Kc4 Qb8 59. Qd5+
Kf8 60. Qc5+ Ke8 61. c7 1-0

[Event "117th YMCA Winter-B"]
[Site "Warszawa"]
[Date "2013.03.13"]
[Round "10"]
[White "Gluszko, Monika"]
[Black "Sujkowski, Pawel"]
[Result "1/2-1/2"]
[WhiteElo "1942"]
[BlackElo "2014"]
[Annotator "Admin"]
[PlyCount "70"]
[EventDate "2013.01.09"]
[EventType "tourn"]
[EventRounds "1"]
[EventCountry "POL"]
[SourceDate "2013.01.07"]

1. e4 e6 2. d4 d5 3. Nc3 Nf6 4. Bg5 Bb4 5. e5 h6 6. Bd2 Bxc3 7. bxc3 Ne4 8. Qg4
g6 9. Bd3 Nxd2 10. Kxd2 c5 11. dxc5 Nc6 12. Bb5 Qe7 13. Qd4 Qg5+ 14. f4 Qxg2+
15. Ne2 Bd7 16. Bxc6 Bxc6 17. Rag1 Qh3 18. Rg3 Qh4 19. Nc1 g5 20. fxg5 hxg5 21.
Rg4 Qh3 22. Rxg5 O-O-O 23. Ne2 Rh4 24. Qf2 d4 25. Rg3 dxc3+ 26. Kxc3 Qf5 27.
Qxf5 exf5 28. Rf1 Rd5 29. Rxf5 Rxc5+ 30. Kd2 Rxh2 31. c4 Bd7 32. Rxf7 Rxe5 33.
Re3 Rxe3 34. Kxe3 Rh3+ 35. Kd4 Rh2 $11 1/2-1/2

[Event "117th YMCA Winter-B"]
[Site "Warszawa"]
[Date "2013.03.14"]
[Round "10"]
[White "Rusin, Ryszard"]
[Black "Rozycki, Bartlomiej"]
[Result "1-0"]
[WhiteElo "1892"]
[BlackElo "2011"]
[PlyCount "95"]
[EventDate "2013.01.09"]
[EventType "tourn"]
[EventRounds "1"]
[EventCountry "POL"]
[SourceDate "2013.01.07"]

1. d4 d5 2. c4 e6 3. Nc3 Nf6 4. Bg5 Nbd7 5. e3 Be7 6. Nf3 h6 7. Bh4 Ne4 8. Bxe7
Qxe7 9. cxd5 Nxc3 10. bxc3 exd5 11. Qb3 c6 12. Bd3 O-O 13. O-O Nf6 14. Rab1 b6
15. Ne5 c5 16. c4 Bb7 17. cxd5 Bxd5 18. Bc4 Rfd8 19. Bxd5 Rxd5 20. e4 Rd6 21.
dxc5 bxc5 22. Nc4 Rd4 23. e5 Ne4 24. Rfe1 Rad8 25. f3 Nd2 26. Nxd2 Rxd2 27. e6
fxe6 28. Rxe6 Qf7 29. Rbe1 Rd1 30. Kf1 Rxe1+ 31. Kxe1 Rd7 32. Qe3 Qf5 33. Re5
Qb1+ 34. Kf2 Qxa2+ 35. Kg3 Qc4 36. Rxc5 Qd4 37. Rc8+ Kh7 38. Qe8 Qd6+ 39. Kh3
Re7 40. Qg8+ Kg6 41. Qf8 Qd7+ 42. g4 Rf7 43. Qc5 Qd3 44. Qh5+ Kf6 45. Rc6+ Ke7
46. Qe5+ Kd7 47. Qe6+ Kd8 48. Rc8# 1-0

[Event "117th YMCA Winter-B"]
[Site "Warszawa"]
[Date "2013.03.20"]
[Round "11"]
[White "Rozycki, Bartlomiej"]
[Black "Barc, Michal"]
[Result "1-0"]
[WhiteElo "2011"]
[BlackElo "1870"]
[PlyCount "63"]
[EventDate "2013.01.09"]
[EventType "tourn"]
[EventRounds "1"]
[EventCountry "POL"]
[SourceDate "2013.01.07"]

1. e4 d6 2. d4 Nf6 3. Nc3 c6 4. Nf3 g6 5. Bc4 Bg7 6. e5 dxe5 7. Nxe5 O-O 8. O-O
Nbd7 9. Bg5 Qc7 10. Re1 Nxe5 11. dxe5 Ng4 12. Bf4 Kh8 13. Qe2 Qb6 14. Bb3 f6
15. e6 h5 16. h3 Nh6 17. Rad1 Nf5 18. Qd3 Kh7 19. g4 hxg4 20. hxg4 Nh6 21. Kg2
Rh8 22. Rh1 Qa5 23. Rh2 Qb4 24. Ne2 Bxe6 25. Bxe6 Rad8 26. Nd4 c5 27. Rdh1 f5
28. Rxh6+ Bxh6 29. Rxh6+ Kg7 30. Be5+ Kxh6 31. Qh3+ Kg5 32. f4# 1-0

[Event "117th YMCA Winter-B"]
[Site "Warszawa"]
[Date "2013.03.20"]
[Round "11"]
[White "Sujkowski, Pawel"]
[Black "Rusin, Ryszard"]
[Result "0-1"]
[WhiteElo "2014"]
[BlackElo "1892"]
[PlyCount "98"]
[EventDate "2013.01.09"]
[EventType "tourn"]
[EventRounds "1"]
[EventCountry "POL"]
[SourceDate "2013.01.07"]

1. e4 e5 2. Nc3 Nf6 3. f4 d5 4. exd5 Nxd5 5. fxe5 Nxc3 6. bxc3 Qh4+ 7. Ke2 Nc6
8. Nf3 Bg4 9. d4 O-O-O 10. Qe1 Qh5 11. Kf2 f6 12. exf6 Bxf3 13. Qe6+ Kb8 14.
gxf3 Qh4+ 15. Kg2 gxf6 16. Qg4 Qe1 17. Bb2 Qd2+ 18. Kh3 Bd6 19. Bc1 Qxc3 20.
Rb1 Rhg8 21. Qe4 f5 22. Qd3 Qxd3 23. Bxd3 Nxd4 24. Rf1 Rdf8 25. Be3 Nc6 26. Rg1
Rg6 27. f4 Rh6+ 28. Kg2 Ne7 29. Rbf1 Nd5 30. Bd2 Bc5 31. Rh1 Be3 32. Bc4 Nb6
33. Bxe3 Nxc4 34. Rf3 Ra6 35. Ra1 Rg8+ 36. Kf2 Rag6 37. Ke2 Rg2+ 38. Rf2 Nd6
39. Kf3 R2g4 40. Rd1 Ne4 41. Rff1 Rh4 42. Rg1 Rh3+ 43. Ke2 Rxh2+ 44. Kf3 Re8
45. Rh1 Rxc2 46. Rxh7 Rc3 47. Rdd7 Nf6 48. Rde7 Rxe3+ 49. Kxe3 Rxe7+ 0-1

[Event "117th YMCA Winter-B"]
[Site "Warszawa"]
[Date "2013.03.20"]
[Round "11"]
[White "Rozowski, Marcin"]
[Black "Gluszko, Monika"]
[Result "0-1"]
[WhiteElo "1905"]
[BlackElo "1942"]
[PlyCount "68"]
[EventDate "2013.01.09"]
[EventType "tourn"]
[EventRounds "1"]
[EventCountry "POL"]
[SourceDate "2013.01.07"]

1. e4 c5 2. Nf3 d6 3. Bb5+ Bd7 4. Bxd7+ Qxd7 5. O-O Nf6 6. Qe2 e6 7. c3 Be7 8.
d4 O-O 9. Rd1 cxd4 10. cxd4 Nc6 11. Nc3 d5 12. e5 Ne8 13. Bg5 Bxg5 14. Nxg5 f6
15. Nf3 fxe5 16. Nxe5 Nxe5 17. dxe5 g6 18. Rd4 Qf7 19. Rad1 Ng7 20. g4 h5 21.
h3 Kh7 22. R1d3 a6 23. Kg2 Qc7 24. Qe3 Rf7 25. Ne2 Raf8 26. Rf4 Rxf4 27. Nxf4
Qc4 28. Rd4 Qxa2 29. Qd3 Qxb2 30. gxh5 Rf5 31. hxg6+ Kg8 32. Qe3 Rg5+ 33. Kh2
Nf5 34. Nd3 Rg2+ 0-1

[Event "117th YMCA Winter-B"]
[Site "Warszawa"]
[Date "2013.03.14"]
[Round "11"]
[White "Szwaj, Jacek"]
[Black "Zurkowski, Andrzej"]
[Result "1/2-1/2"]
[WhiteElo "1915"]
[BlackElo "2005"]
[Annotator "Admin"]
[PlyCount "70"]
[EventDate "2013.01.09"]
[EventType "tourn"]
[EventRounds "1"]
[EventCountry "POL"]
[SourceDate "2013.01.07"]

1. e4 d5 2. exd5 Qxd5 3. Nc3 Qd6 4. d4 Nf6 5. Nf3 a6 6. g3 Nc6 7. Bf4 Qd8 8.
Bg2 e6 9. O-O Be7 10. Qd2 O-O 11. Rad1 Nd5 12. Nxd5 exd5 13. Rfe1 Bf5 14. c3
Be4 15. Ne5 Bxg2 16. Kxg2 Nxe5 17. dxe5 c6 18. Be3 Qd7 19. c4 Qg4 20. cxd5 Bb4
21. Qe2 Qe4+ 22. f3 Qxe5 23. Bf4 Qf6 24. Be5 Qg6 25. Bc3 Bxc3 26. bxc3 cxd5 27.
Rxd5 Rac8 28. Qd2 h6 29. Rd6 Qf5 30. Re4 Rfe8 31. Rxe8+ Rxe8 32. Rd4 Qb5 33. c4
Qc6 34. Rg4 f5 35. Rd4 Qe6 $11 1/2-1/2

[Event "117th YMCA Winter-B"]
[Site "Warszawa"]
[Date "2013.03.20"]
[Round "11"]
[White "Melchers, Damian"]
[Black "Bernacki, Gabriel"]
[Result "1/2-1/2"]
[WhiteElo "1963"]
[BlackElo "1896"]
[PlyCount "100"]
[EventDate "2013.01.09"]
[EventType "tourn"]
[EventRounds "1"]
[EventCountry "POL"]
[SourceDate "2013.01.07"]

1. Nf3 d5 2. g3 Bg4 3. Bg2 Nd7 4. O-O Ngf6 5. d3 c6 6. Nbd2 e5 7. e4 dxe4 8.
dxe4 Be7 9. h3 Bh5 10. Qe2 O-O 11. b3 Qc7 12. Bb2 Bg6 13. Rad1 b5 14. Nh4 Rfe8
15. Nxg6 hxg6 16. Nf3 a5 17. Rd2 a4 18. Rfd1 axb3 19. axb3 Bb4 20. c3 Ba3 21.
b4 Nb6 22. Bxa3 Rxa3 23. Rc2 Rea8 24. Nd2 Ra2 25. Nb3 Rxc2 26. Qxc2 Ra3 27. Nc5
Na4 28. Nxa4 Rxa4 29. Qd3 Qa7 30. Qd6 Ra1 31. Qd8+ Kh7 32. Qd3 Nh5 33. Rxa1
Qxa1+ 34. Bf1 Qe1 35. Kg2 Nf6 36. Be2 g5 37. Bg4 g6 38. Be2 Kg7 39. Qe3 Nh7 40.
Qd3 Nf8 41. Bg4 Nh7 42. Bd7 g4 43. hxg4 Ng5 44. Bxc6 Nh3 45. Qe3 Qg1+ 46. Kf3
Qf1 47. Qc5 Qd1+ 48. Kg2 Qg1+ 49. Kf3 Qd1+ 50. Kg2 Qg1+ 1/2-1/2